000
00265nam a2200121Ia 4500
008
210107s9999 xx 000 0 und d
100
_a
ISO
245
0
_a
ISO 14000Environmental Management
250
_a
2nd
260
_a
Geneva
_b
ISO
300
_a
400
942
_c
BK
999
_c
10888
_d
10888